00885nam a22002177a 4500999001500000001000500015003000900020005001700029008004100046020001500087040003800102082002500140245014100165260010600306300004500412650003700457700001800494700002000512942001200532952012300544 c1976d19764235BD-DhUAP20210127135235.0200218s2000 bg a|||| |||| 00| 0 eng d a9843200322 aBD-DhUAPbEngcBD-DhUAPdBD-DhUAP 223a363.73845492 PRO aProceeding of the national seminar on contamination of groundwater by arsenic in Bangladesh /cEdited by S. Z. Haider and M. A. Hossain. aDhaka, Bangladesh : bSchool of Environmental Science and management Independent University, cc2000. axii, 81 pages :billustrations ;c25 cm. aArsenicvToxicologyzBangladesh. aHaider, S. Z. aHossain, M. A.  2ddccBK 00102ddc4070aUAPCLbUAPCLcGeneral Stacksd2020-02-18o363.73845492 PROp3010004235r2020-02-18t1w2020-02-18yBK